Karlos Ch. F. Krause (Record no. 164774)
[ view plain ]
| 000 -LEADER | |
|---|---|
| campo de control de longitud fija | 00940nam a22001935i 4500 |
| 001 - NÚMERO DE CONTROL | |
| campo de control | 164774 |
| 003 - IDENTIFICADOR DE NÚMERO DE CONTROL | |
| campo de control | ES-MaACL |
| 005 - FECHA Y HORA DE LA ÚLTIMA TRANSACCIÓN | |
| campo de control | 20231229063051.0 |
| 008 - DATOS DE LONGITUD FIJA--INFORMACIÓN GENERAL | |
| campo de control de longitud fija | 991126s1850 sp |||| | spa d |
| 040 ## - FUENTE DE CATALOGACIÓN | |
| Centro catalogador/agencia de origen | M-RAJU |
| Lengua de catalogación | spa |
| Centro/agencia transcriptor | M-RAJU |
| Centro/agencia modificador | CCPB | B |
| 100 1# - ENTRADA PRINCIPAL--NOMBRE DE PERSONA | |
| Nombre de persona | Sanz del Río, Julián, |
| Fechas asociadas al nombre | 1814-1869 |
| 9 (RLIN) | 132463 |
| 245 10 - MENCIÓN DEL TÍTULO | |
| Título | Karlos Ch. F. Krause |
| Resto del título | : lecciones sobre el sistema de la filosofía analítica : primera, segunda y tercera lección / |
| Mención de responsabilidad, etc. | por Julián Sanz del Río. |
| 260 ## - PUBLICACIÓN, DISTRIBUCIÓN, ETC. | |
| Lugar de publicación, distribución, etc. | Madrid : |
| Nombre del editor, distribuidor, etc. | [s.n.], |
| Fecha de publicación, distribución, etc. | 1850 ( |
| Fabricante | Imp. de Andrés y Díaz) |
| 300 ## - DESCRIPCIÓN FÍSICA | |
| Extensión | XI, 76 p. ; |
| Dimensiones | 22 cm. |
| 600 14 - PUNTO DE ACCESO ADICIONAL DE MATERIA--NOMBRE DE PERSONA | |
| Nombre de persona | Krause, Karl Christian Friedrich- |
| Subdivisión general | Crítica e interpretación. |
| 9 (RLIN) | 128490 |
| 650 04 - PUNTO DE ACCESO ADICIONAL DE MATERIA--TÉRMINO DE MATERIA | |
| Término de materia o nombre geográfico como elemento de entrada | Análisis filosófico. |
| 9 (RLIN) | 9769 |
| 852 ## - LOCALIZACIÓN | |
| Ubicación | ES-MaACL |
| Número de control de estantería | T-1-F-12 |
| Nota libre | -- Enc. hol. |
| condición física | -- Falto de la cub. original |
| Nota libre | -- Enc. con 6 p. del Analisis preliminar del contenido de las lecciones cuarta, quinta y sexta |
| -- | -- Enc. en un vol. facticio |
| Estatus retirado | Estado de pérdida | Estado de daño | No para préstamo | Colección | Biblioteca de origen | Biblioteca actual | Ubicación en estantería | Fecha de adquisición | Total de préstamos | Signatura topográfica completa | Código de barras | Visto por última vez | Precio de reemplazo | Tipo de ítem Koha |
|---|---|---|---|---|---|---|---|---|---|---|---|---|---|---|
| Colección de folletos | Biblioteca del Ateneo de Madrid | Biblioteca del Ateneo de Madrid | Depósito folletos | 17/01/2008 | T-1-F-12 | 1172730 | 23/02/2023 | 23/02/2023 | Folleto |
